[Event "Polfinal Mistrzostw Polski Niewidomych i Slabowidzacych w szachach"]
[Site "Wagrowiec"]
[Date "1899-12-30"]
[Round "4.26"]
[White "Jagiello, Adolf"]
[Black "Baryla, Damian"]
[Result "0-1"]
[WhiteTitle "II"]
[BlackTitle "II"]
[WhiteElo "1233"]
[BlackElo "1781"]

1. e4 e5 2. Nf3 Nc6 3. d3 h6 4. Be2 Nf6 5. h3 Bc5 6. c3 O-O 7. b4 Bb6 8. Na3 d6
9. Nc4 Be6 10. Nxb6 axb6 11. a3 b5 12. Be3 d5 13. Bd2 dxe4 14. dxe4 Bc4 15. Bxc4
bxc4 16. O-O Nxe4 17. g3 Nxd2 18. Nxd2 b5 19. Re1 Qd3 20. Qc1 Rfd8 21. Ra2 Ne7
22. Re3 Qd7 23. g4 Nd5 24. Re1 Nf4 25. Re3 h5 26. Kh2 hxg4 27. Ne4 gxh3 28. Rd2
Qf5 29. Nc5 Rxd2 30. Qxd2 Nd3 31. Rxh3 Qf4+ 32. Qxf4 Nxf4 33. Re3 Rxa3 34. Kg3
Nd5 35. Rf3 Rxc3 36. Ne4 Rxf3+ 37. Kxf3 c3 38. Nc5 Nxb4 39. Nb3 f5 40. Ke2 Kf7
41. f3 Ke6 42. Nc1 Nd5 0-1

[Event "Polfinal Mistrzostw Polski Niewidomych i Slabowidzacych w szachach"]
[Site "Wagrowiec"]
[Date "1899-12-30"]
[Round "4.27"]
[White "Jagiello, Jerzy"]
[Black "Lazuka, Jan"]
[Result "1/2-1/2"]
[WhiteTitle "II"]
[BlackTitle "III"]
[WhiteElo "1601"]
[BlackElo "1264"]

1. e4 e5 2. Nf3 Nc6 3. Bc4 Bc5 4. c3 Nf6 5. d3 h6 6. h3 O-O 7. O-O a6 8. Nh2 Na5
9. Bxf7+ Rxf7 10. b4 Bxf2+ 11. Rxf2 Nc6 12. Ng4 Nxg4 13. Qxg4 Rxf2 14. Kxf2 d6
15. Qg3 Qf6+ 16. Kg1 Ne7 17. Be3 Ng6 18. d4 Nf4 19. Qf2 Bxh3 20. Bxf4 Bxg2 21.
Bxe5 Qxf2+ 22. Kxf2 Bxe4 23. Nd2 Bh7 24. Bg3 b5 25. a4 bxa4 26. Rxa4 Bc2 27. Ra5
Bd3 28. c4 Re8 29. Bf4 g5 30. Bg3 Re2+ 1/2-1/2

[Event "Polfinal Mistrzostw Polski Niewidomych i Slabowidzacych w szachach"]
[Site "Wagrowiec"]
[Date "1899-12-30"]
[Round "5.1"]
[White "Zoltek, Tadeusz"]
[Black "Migala, Andrzej"]
[Result "1/2-1/2"]
[WhiteTitle "FM"]
[BlackTitle "k"]
[WhiteElo "2091"]
[BlackElo "2002"]

1. c4 c6 2. Nf3 Nf6 3. d4 d5 4. cxd5 cxd5 5. Nc3 Nc6 6. Bf4 Bf5 7. e3 e6 8. Bd3
Bxd3 9. Qxd3 Bd6 10. Bxd6 Qxd6 11. O-O a6 12. h3 O-O 13. a3 Rac8 14. Rac1 h6 15.
Nd2 Rc7 16. Ne2 Rfc8 17. Rc3 Ne7 18. Rfc1 Rxc3 19. Rxc3 Rxc3 20. Qxc3 Qc6 21.
Qxc6 Nxc6 22. Nc3 Kf8 23. Kf1 Ke7 24. Ke2 Kd6 25. Kd3 Nd7 26. Ke2 Ke7 27. Kd3
Kd6 28. Ke2 Ke7 29. Kd3 Kd6 30. Ke2 Ke7 31. Kd3 1/2-1/2

[Event "Polfinal Mistrzostw Polski Niewidomych i Slabowidzacych w szachach"]
[Site "Wagrowiec"]
[Date "1899-12-30"]
[Round "5.2"]
[White "Wolanski, Michal"]
[Black "Pociejowski, Marek"]
[Result "1/2-1/2"]
[WhiteTitle "I++"]
[BlackTitle "I++"]
[WhiteElo "1903"]
[BlackElo "1865"]

1. c4 c6 2. Nc3 d5 3. e3 Nf6 4. Nf3 Bg4 5. b3 e6 6. Be2 Nbd7 7. Bb2 Bd6 8. O-O
O-O 9. Rc1 a6 10. d3 Qc7 11. h3 Bh5 12. a3 Rfd8 13. Nh4 Bxe2 14. Qxe2 dxc4 15.
dxc4 Nc5 16. b4 Nd3 17. Rcd1 Nxb2 18. Qxb2 Rd7 19. Nf3 Rad8 20. Qc2 a5 21. Qb3
axb4 22. axb4 Be7 23. Rxd7 Rxd7 24. b5 g6 25. bxc6 bxc6 26. Rb1 Qa5 27. Nd4 Qa6
28. Qa4 Qxa4 29. Nxa4 c5 30. Ne2 Rd2 31. Nec3 1/2-1/2

[Event "Polfinal Mistrzostw Polski Niewidomych i Slabowidzacych w szachach"]
[Site "Wagrowiec"]
[Date "1899-12-30"]
[Round "5.4"]
[White "Stolarczyk, Anna"]
[Black "Niecko, Stanislaw"]
[Result "1/2-1/2"]
[WhiteTitle "WCM"]
[BlackTitle "I+"]
[WhiteElo "1934"]
[BlackElo "1753"]

1. d4 Nf6 2. Nf3 c5 3. dxc5 Na6 4. Nc3 Nxc5 5. g3 d5 6. Bg2 e6 7. O-O Bd6 8. Nd4
O-O 9. Nb3 b6 10. Re1 Bb7 11. Bg5 Be7 12. Bf4 Rc8 13. Nb5 a6 14. N5d4 Qd7 15.
c3 Nfe4 16. Nd2 Nxd2 17. Qxd2 Rfd8 18. Bh3 Ne4 19. Qc2 b5 20. a3 Bf6 21. Qd1 Be7
22. a4 b4 23. cxb4 Bxb4 24. Rf1 a5 25. Qd3 Rc4 26. b3 Rc3 27. Qb5 Qc8 28. Be5
Ng5 29. Bg4 Ba6 30. Qb6 f5 1/2-1/2

[Event "Polfinal Mistrzostw Polski Niewidomych i Slabowidzacych w szachach"]
[Site "Wagrowiec"]
[Date "1899-12-30"]
[Round "5.5"]
[White "Staruch, Roman"]
[Black "Debowska, Teresa"]
[Result "0-1"]
[WhiteTitle "I++"]
[BlackTitle "WFM"]
[WhiteElo "1875"]
[BlackElo "1730"]

1. e4 c5 2. Nf3 Nc6 3. c3 g6 4. Bb5 Bg7 5. O-O a6 6. Bxc6 dxc6 7. d4 cxd4 8. Nxd4
Nf6 9. f3 Qc7 10. Be3 O-O 11. Nd2 Rd8 12. Qc2 c5 13. Ne2 b5 14. Rad1 c4 15. Nb1
Bb7 16. Rxd8+ Rxd8 17. Rd1 e5 18. Rxd8+ Qxd8 19. Qd2 Qd7 20. Qxd7 Nxd7 21. Kf2
Bf8 22. Nd2 a5 23. Ke1 Be7 24. Kf2 Kg7 25. Kg3 f5 26. Kf2 f4 27. Ba7 Ba6 28. Ke1
h5 29. Kd1 g5 30. h3 b4 31. Bf2 Nc5 32. Nc1 Na4 33. Kc2 0-1

[Event "Polfinal Mistrzostw Polski Niewidomych i Slabowidzacych w szachach"]
[Site "Wagrowiec"]
[Date "1899-12-30"]
[Round "5.6"]
[White "Kopiec, Miroslaw"]
[Black "Kulpinski, Piotr"]
[Result "0-1"]
[WhiteTitle "II+"]
[BlackTitle "I++"]
[WhiteElo "1722"]
[BlackElo "1860"]

1. e4 c5 2. Nf3 Nc6 3. d4 cxd4 4. Nxd4 g6 5. Nc3 Bg7 6. Be3 Nf6 7. Be2 O-O 8. Qd2
d5 9. exd5 Nxd5 10. Rd1 Nxe3 11. fxe3 Qc7 12. Ndb5 Qe5 13. O-O Bh6 14. Qd5 Qxe3+
15. Kh1 Be6 16. Qf3 Rac8 17. Qxe3 Bxe3 18. Bf3 a6 19. Rfe1 Bf2 20. Rf1 Bc5 21.
Ne4 Bb6 22. Nbc3 Ne5 23. Be2 Nc4 24. Bxc4 Bxc4 25. Rfe1 Rfd8 26. h3 Ba5 27. a3
b5 28. Rxd8+ Rxd8 29. Rd1 Rc8 30. Rd7 Kf8 31. g4 f5 32. Nd2 Be6 33. Ra7 Rc6 34.
Nb3 Bxc3 35. bxc3 Rxc3 36. Rxa6 Bxb3 37. cxb3 Rxh3+ 38. Kg2 Rxb3 39. gxf5 gxf5
40. a4 bxa4 41. Rxa4 Kg7 42. Ra7 Kf6 43. Ra8 Kg5 44. Rg8+ Kf4 45. Rh8 Rg3+ 46.
Kh2 Rg7 47. Ra8 e5 48. Ra1 e4 49. Ra4 Kf3 50. Ra1 e3 51. Rf1+ Ke4 52. Ra1 e2 53.
Ra4+ Kf3 54. Ra3+ Kf2 55. Ra1 Rg2+ 56. Kh3 Rg3+ 57. Kh2 0-1

[Event "Polfinal Mistrzostw Polski Niewidomych i Slabowidzacych w szachach"]
[Site "Wagrowiec"]
[Date "1899-12-30"]
[Round "5.7"]
[White "Tobolski, Michal"]
[Black "Rutkowski, Jerzy"]
[Result "0-1"]
[WhiteTitle "II"]
[BlackTitle "I+"]
[WhiteElo "1514"]
[BlackElo "2031"]

1. e4 e5 2. Nf3 Nc6 3. Bc4 Be7 4. Nc3 d6 5. O-O Nf6 6. h3 O-O 7. d4 h6 8. dxe5
Nxe5 9. Bb3 c6 10. Bf4 Qc7 11. Qe2 Nxf3+ 12. Qxf3 Be6 13. Be3 0-1

[Event "Polfinal Mistrzostw Polski Niewidomych i Slabowidzacych w szachach"]
[Site "Wagrowiec"]
[Date "1899-12-30"]
[Round "5.8"]
[White "Miodonski, Miroslaw"]
[Black "Kowalczyk, Marian"]
[Result "1/2-1/2"]
[WhiteTitle "II"]
[BlackTitle "I++"]
[WhiteElo "1384"]
[BlackElo "1920"]

1. e4 c5 2. Nf3 e6 3. c4 Nc6 4. Nc3 a6 5. d4 cxd4 6. Nxd4 Bb4 7. Nc2 Be7 8. Bd3
Nf6 9. Qe2 d6 10. O-O O-O 11. Rd1 Qc7 12. b3 Bd7 13. Ba3 Rfe8 14. Rac1 Rac8 15.
Ne3 Qa5 16. Qb2 Nb4 17. Bb1 b5 18. Bxb4 Qxb4 19. a3 Qa5 20. b4 Qb6 21. c5 dxc5
22. e5 Nd5 23. Ncxd5 exd5 24. Nxd5 Qb7 25. Nxe7+ Rxe7 26. Rxc5 Rxc5 27. bxc5 g6
28. Ba2 Be6 29. Bxe6 Rxe6 30. Rd6 Qe7 1/2-1/2

[Event "Polfinal Mistrzostw Polski Niewidomych i Slabowidzacych w szachach"]
[Site "Wagrowiec"]
[Date "1899-12-30"]
[Round "5.9"]
[White "Sargalski, Andrzej"]
[Black "Urbaniak, Karol"]
[Result "0-1"]
[WhiteTitle "I++"]
[BlackTitle "I"]
[WhiteElo "1840"]
[BlackElo "1592"]

1. e4 e5 2. Nf3 Nc6 3. Bc4 Nf6 4. Nc3 Nxe4 5. Bxf7+ Kxf7 6. Nxe4 d5 7. Neg5+ Kg8
8. d3 h6 9. Nh3 Bg4 10. Qe2 Nd4 11. Qxe5 Nxf3+ 12. gxf3 Bxh3 13. Be3 Qd6 14. f4
Qxe5 15. fxe5 c5 16. c3 Kh7 17. Rg1 Be7 18. f4 d4 19. cxd4 cxd4 20. Bxd4 Rhd8
21. Bc3 Rxd3 22. Ke2 Rad8 23. Rg3 Rxg3 24. hxg3 Bc5 25. a3 Bg4+ 26. Kf1 Rd3 27.
Kg2 Rf3 28. Rf1 Re3 29. Re1 Bf3+ 30. Kh3 Rxe1 31. Bxe1 Bd4 32. b4 Bc6 33. g4 Bd7
34. Kg3 Kg8 0-1

[Event "Polfinal Mistrzostw Polski Niewidomych i Slabowidzacych w szachach"]
[Site "Wagrowiec"]
[Date "1899-12-30"]
[Round "5.12"]
[White "Zarow, Zdzislaw"]
[Black "Traczyk, Tadeusz"]
[Result "0-1"]
[WhiteTitle "I"]
[BlackTitle "I"]
[WhiteElo "1639"]
[BlackElo "1809"]

1. e4 c5 2. Bc4 Nc6 3. Nf3 d6 4. d4 cxd4 5. Nxd4 Nf6 6. Nc3 e6 7. Nxc6 bxc6 8.
O-O Be7 9. Qe2 O-O 10. Rd1 Qc7 11. Bf4 e5 12. Bg3 Qb6 13. Rdb1 Bg4 14. Qf1 Rad8
15. h3 Bh5 16. Kh2 d5 17. exd5 cxd5 18. Be2 Bg6 19. Bxe5 Bxc2 20. Nb5 Rc8 21.
Rc1 a6 22. Nd4 Bg6 23. Rxc8 Rxc8 0-1

[Event "Polfinal Mistrzostw Polski Niewidomych i Slabowidzacych w szachach"]
[Site "Wagrowiec"]
[Date "1899-12-30"]
[Round "5.13"]
[White "Bzowski, Grzegorz"]
[Black "Barnowski, Sylwester"]
[Result "1/2-1/2"]
[WhiteTitle "II+"]
[BlackTitle "I"]
[WhiteElo "1614"]
[BlackElo "1790"]

1. d4 e6 2. e4 d5 3. exd5 exd5 4. c3 c6 5. Be3 Nf6 6. Nf3 Bd6 7. Bd3 O-O 8. O-O
Be6 9. Qd2 Qd7 10. Qc1 Qc8 11. Qd2 Qd7 12. Qc1 Qc8 13. Qd2 Qd7 14. Qc1 Qc8 15.
Qd2 Qd7 16. Qc1 Qc8 1/2-1/2

[Event "Polfinal Mistrzostw Polski Niewidomych i Slabowidzacych w szachach"]
[Site "Wagrowiec"]
[Date "1899-12-30"]
[Round "5.14"]
[White "Dziobek, Jerzy"]
[Black "Wyrzykowski, Jozef"]
[Result "0-1"]
[WhiteTitle "I"]
[BlackTitle "I"]
[WhiteElo "1731"]
[BlackElo "1600"]

1. d4 d5 2. Nf3 Nf6 3. e3 e6 4. Bd3 c5 5. dxc5 Bxc5 6. c3 O-O 7. O-O Nc6 8. Nbd2
b6 9. h3 Bb7 10. Nb3 Bd6 11. Nbd4 Ne5 12. Nxe5 Bxe5 13. Nf3 Bc7 14. g3 Qd6 15.
Kh2 Rfd8 16. Be2 Ne4 17. Qe1 Qd7 18. Nd2 g6 19. Nxe4 dxe4 20. Rg1 Qe7 21. b3 Be5
22. Bb2 Rac8 23. Bc4 Qf6 24. Rc1 Rc7 25. a4 Rcd7 26. Ba1 Rd2 27. Be2 h5 28. c4
Bxa1 29. Rxa1 Rb2 30. Rb1 Rdd2 31. Rxb2 Qxb2 32. Qf1 Rxe2 33. Rg2 Qd2 0-1

[Event "Polfinal Mistrzostw Polski Niewidomych i Slabowidzacych w szachach"]
[Site "Wagrowiec"]
[Date "1899-12-30"]
[Round "5.15"]
[White "Loroch, Zygfryd"]
[Black "Grzywacz, Ryszard"]
[Result "0-1"]
[WhiteTitle "II"]
[BlackTitle "I"]
[WhiteElo "1427"]
[BlackElo "1705"]

1. e4 e5 2. Nf3 Nc6 3. Bb5 d6 4. Bxc6+ bxc6 5. O-O Bg4 6. d3 Be7 7. Nbd2 Nf6 8.
Re1 O-O 9. c3 c5 10. Qc2 Qc8 11. Ng5 h6 12. h3 Bd7 13. Ngf3 Nh5 14. Nf1 f5 15.
Ng3 fxe4 16. Rxe4 Nxg3 17. fxg3 Bxh3 18. Qe2 Bg4 19. Rxg4 Qxg4 20. Qe4 Qxg3 21.
Bxh6 gxh6 22. Rf1 Rad8 23. Qd5+ Kg7 24. Qe4 Rf4 25. Qe1 Rxf3 0-1

[Event "Polfinal Mistrzostw Polski Niewidomych i Slabowidzacych w szachach"]
[Site "Wagrowiec"]
[Date "1899-12-30"]
[Round "5.16"]
[White "Szydlowski, Wiktor"]
[Black "Gryglewicz, Tadeusz"]
[Result "1-0"]
[WhiteTitle "I"]
[BlackTitle "II+"]
[WhiteElo "1693"]
[BlackElo "1623"]

1. e4 e5 2. Nf3 d6 3. d4 f6 4. Bc4 c6 5. dxe5 dxe5 6. Qe2 b5 7. Bb3 Bd7 8. Nxe5
fxe5 9. Qh5+ g6 10. Qxe5+ Qe7 11. Qxh8 Be6 12. Qe5 Bxb3 13. Qxe7+ Nxe7 14. axb3
Bg7 15. Be3 a6 16. c3 Nd7 17. f4 c5 18. Nd2 b4 19. e5 Nf5 20. Ke2 g5 21. g3 g4
22. Bf2 h5 23. Ne4 Bf8 24. h3 bxc3 25. bxc3 Rb8 26. hxg4 hxg4 27. Rhb1 Rb6 28.
b4 Rc6 29. b5 axb5 30. Rxb5 Rc8 31. Rab1 1-0

[Event "Polfinal Mistrzostw Polski Niewidomych i Slabowidzacych w szachach"]
[Site "Wagrowiec"]
[Date "1899-12-30"]
[Round "5.17"]
[White "Kaciotys, Mieczyslaw"]
[Black "Binkowski, Kazimierz"]
[Result "1-0"]
[WhiteTitle "II+"]
[BlackTitle "II"]
[WhiteElo "1689"]
[BlackElo "1578"]

1. e4 c5 2. Bc4 e5 3. Nf3 Nc6 4. Nc3 h6 5. O-O d6 6. h3 Nf6 7. a3 Be7 8. d3 O-O
9. Be3 a6 10. Qd2 b5 11. Ba2 Bb7 12. Nh2 Nh7 13. Nd5 Rb8 14. f4 Nd4 15. Nxe7+
Qxe7 16. f5 Kh8 17. c3 Qh4 18. cxd4 cxd4 19. Bf2 Qd8 20. Ng4 Qg5 21. Qxg5 hxg5
22. Be1 f6 23. Bb4 Rfd8 24. Ba5 Rdc8 25. Rac1 Nf8 26. Bc7 Ra8 27. Bxd6 Nd7 28.
Be6 Rxc1 29. Rxc1 Bc8 30. Bd5 1-0

[Event "Polfinal Mistrzostw Polski Niewidomych i Slabowidzacych w szachach"]
[Site "Wagrowiec"]
[Date "1899-12-30"]
[Round "5.18"]
[White "Zelajtys, Jozef"]
[Black "Malcer, Joanna"]
[Result "1/2-1/2"]
[WhiteTitle "I"]
[BlackTitle "I"]
[WhiteElo "1682"]
[BlackElo "1503"]

1. e4 d6 2. d4 g6 3. Be3 Bg7 4. Bd3 Nf6 5. f3 O-O 6. Ne2 c6 7. Qd2 Nbd7 8. c4 Qc7
9. Nbc3 e6 10. O-O a6 11. Rac1 Qb8 12. b4 b5 13. c5 e5 14. d5 Bb7 15. Bb1 Re8
16. dxc6 Bxc6 17. cxd6 Re6 18. Rfe1 Ne8 19. Bc5 Bf8 20. Nd5 Nxd6 21. Bxd6 Rxd6
22. Nec3 Kh8 23. a3 Nf6 24. Ba2 Kg7 25. Qg5 h6 26. Qg3 Bxd5 27. Nxd5 Nxd5 28.
Bxd5 Ra7 29. Qxe5+ f6 30. Qc3 Rdd7 31. Qc6 Bd6 32. g3 Qc7 33. Kf2 Qxc6 34. Rxc6
Be5 35. Ke3 Rdc7 36. Rd1 Rxc6 37. Bxc6 Rc7 38. Rd7+ Rxd7 39. Bxd7 Bb2 40. a4 bxa4
41. Bxa4 Ba3 42. b5 axb5 43. Bxb5 1/2-1/2

[Event "Polfinal Mistrzostw Polski Niewidomych i Slabowidzacych w szachach"]
[Site "Wagrowiec"]
[Date "1899-12-30"]
[Round "5.19"]
[White "Gawel, Janusz"]
[Black "Kizym, Lukasz"]
[Result "1/2-1/2"]
[WhiteTitle "II"]
[BlackTitle "II"]
[WhiteElo "1576"]
[BlackElo "1665"]

1. d4 d5 2. Nf3 Nf6 3. c4 e6 4. e3 c5 5. Nc3 Nc6 6. a3 Be7 7. Be2 dxc4 8. Bxc4
O-O 9. O-O a6 10. dxc5 Bxc5 11. b4 Be7 12. Qc2 Qc7 13. Ne2 Nd7 14. Ba2 Bf6 15.
Ned4 Qb6 16. Rd1 Nxd4 17. Nxd4 e5 18. Ne2 e4 19. Bb2 Bxb2 20. Qxb2 Nf6 21. Rd4
Be6 22. Bb1 Bd5 23. Rd1 Rfd8 24. h3 Bc6 25. Ba2 Rxd1+ 26. Rxd1 Kf8 27. Kf1 g6
28. Ke1 Rd8 29. Ng3 Ke8 30. Ne2 Rxd1+ 1/2-1/2

[Event "Polfinal Mistrzostw Polski Niewidomych i Slabowidzacych w szachach"]
[Site "Wagrowiec"]
[Date "1899-12-30"]
[Round "5.20"]
[White "Pawlik, Tomasz"]
[Black "Jakimczuk, Alicja"]
[Result "1-0"]
[WhiteTitle "II+"]
[BlackTitle "I"]
[WhiteElo "1648"]
[BlackElo "1315"]

1. e4 c5 2. Nf3 Nc6 3. c3 g6 4. Bd3 Bg7 5. Bc2 e6 6. O-O Nge7 7. d4 cxd4 8. cxd4
Nxd4 9. Nxd4 O-O 10. Nc3 a6 11. Be3 b5 12. Qd2 Bb7 13. a3 d5 14. exd5 exd5 15.
Bh6 Re8 16. Bxg7 Kxg7 17. Rfe1 Qc7 18. Bb3 Red8 19. Rac1 Qd6 20. Qe3 Kf8 21. Qe5
Qd7 22. Qh8+ Ng8 23. Qxh7 Re8 24. Qh4 Rxe1+ 25. Rxe1 Re8 26. f3 Kg7 27. Rxe8 Qxe8
28. Qf2 Nf6 29. Qe2 Qa8 30. Kf1 Nh5 31. g3 Nf6 32. Qe3 Bc8 33. Kf2 Qb7 34. Qe5
Qb6 35. Nxd5 Qc5 36. Qxf6+ Kh7 37. Nc3 Be6 38. Bxe6 fxe6 39. Kg2 b4 40. Nxe6 Kh6
41. Qh8# 1-0

[Event "Polfinal Mistrzostw Polski Niewidomych i Slabowidzacych w szachach"]
[Site "Wagrowiec"]
[Date "1899-12-30"]
[Round "5.21"]
[White "Spionkowski, Fabian"]
[Black "Mettel, Werner"]
[Result "1/2-1/2"]
[WhiteTitle "II"]
[BlackTitle "I"]
[WhiteElo "1233"]
[BlackElo "1742"]

1. e4 e5 2. Nf3 Nc6 3. Bc4 Be7 4. d4 d6 5. c3 Bg4 6. Nbd2 Nf6 7. d5 Nb8 8. Qb3
Qc8 9. Bb5+ Nbd7 10. c4 O-O 11. Bxd7 Nxd7 12. h3 Bh5 13. O-O Nc5 14. Qe3 Bg6 15.
b3 a6 16. Ba3 Nd7 17. Rac1 b6 18. Nh2 f5 19. f4 exf4 20. Qe2 Ne5 21. Rxf4 Bg5
22. Rff1 Qd7 23. Rc3 Bxd2 24. Qxd2 fxe4 25. Rxf8+ Rxf8 26. Rg3 Qf7 27. Bb2 Qe7
28. Qe3 Rf7 29. Ng4 Nxg4 30. Rxg4 Qf8 31. Kh2 Qe7 1/2-1/2

[Event "Polfinal Mistrzostw Polski Niewidomych i Slabowidzacych w szachach"]
[Site "Wagrowiec"]
[Date "1899-12-30"]
[Round "5.22"]
[White "Tyszkiewicz, Adam"]
[Black "Skiera, Edward"]
[Result "1/2-1/2"]
[WhiteTitle "II"]
[BlackTitle "II"]
[WhiteElo "1396"]
[BlackElo "1421"]

1. e4 e5 2. Nf3 Nc6 3. Bb5 Nf6 4. Nc3 d6 5. O-O Bd7 6. b3 Be7 7. Bb2 O-O 8. Bd3
Bg4 9. h3 Bh5 10. Nd5 a6 11. Nxe7+ Qxe7 12. c3 h6 13. Bc2 Qd7 14. d4 exd4 15.
cxd4 Rad8 16. d5 Ne5 17. Bxe5 dxe5 18. Qd3 Bxf3 19. Qxf3 Qe7 20. Rad1 Nd7 21.
Rd2 Qf6 22. Qxf6 Nxf6 23. Rfd1 Rd7 24. f3 Rfd8 25. b4 Ne8 26. Ba4 Rd6 27. Bxe8
Rxe8 28. Rc1 Re7 29. Rdc2 Rdd7 30. a3 f6 31. a4 b6 32. Rc6 Kf7 33. b5 a5 34. g4
g6 35. h4 g5 36. h5 Kg7 37. Kf2 Kf7 38. Ke3 Kf8 1/2-1/2

[Event "Polfinal Mistrzostw Polski Niewidomych i Slabowidzacych w szachach"]
[Site "Wagrowiec"]
[Date "1899-12-30"]
[Round "5.23"]
[White "Wegner, Wieslaw"]
[Black "Inglot, Marian"]
[Result "0-1"]
[WhiteTitle "II"]
[BlackTitle "II"]
[WhiteElo "1610"]
[BlackElo "1394"]

1. d4 d5 2. c4 e6 3. Nc3 Nf6 4. e3 Bb4 5. Bd3 Nc6 6. Nge2 e5 7. O-O exd4 8. exd4
Bg4 9. f3 Be6 10. Bg5 dxc4 11. Bc2 h6 12. Bh4 g5 13. Bg3 h5 14. Nb5 h4 15. Nxc7+
Ke7 16. Nxa8 hxg3 17. hxg3 Qxa8 18. a3 Bd6 19. f4 Qg8 20. Re1 gxf4 21. gxf4 Bh3
22. g3 Kd7 23. b4 Bxf4 24. Kf2 Ng4+ 25. Kf3 Bd6 26. b5 Nh2+ 27. Ke3 Qg5+ 28. Nf4
Qxg3+ 0-1

[Event "Polfinal Mistrzostw Polski Niewidomych i Slabowidzacych w szachach"]
[Site "Wagrowiec"]
[Date "1899-12-30"]
[Round "5.25"]
[White "Czarnecki, Zbigniew"]
[Black "Jagiela, Elzbieta"]
[Result "1/2-1/2"]
[WhiteTitle "II"]
[BlackTitle "II"]
[WhiteElo "1296"]
[BlackElo "1402"]

1. e4 e5 2. Nf3 Nc6 3. Bb5 a6 4. Bxc6 dxc6 5. O-O Bd6 6. d4 exd4 7. Qxd4 f6 8.
Nc3 Ne7 9. Qc4 Bg4 10. Nh4 b5 11. Qb3 Bh5 12. Nd1 Bf7 13. Qf3 O-O 14. b3 c5 15.
Nf5 Nxf5 16. exf5 Re8 17. Ne3 Qc8 18. Ng4 Bh5 19. h3 Bxg4 20. hxg4 c6 21. Bf4
Bxf4 22. Qxf4 Qb8 23. Qxb8 Raxb8 24. a3 b4 25. axb4 cxb4 26. Rxa6 Rbc8 27. f3
Re7 28. Rf2 Kf7 29. g3 g6 30. fxg6+ hxg6 1/2-1/2

[Event "Polfinal Mistrzostw Polski Niewidomych i Slabowidzacych w szachach"]
[Site "Wagrowiec"]
[Date "1899-12-30"]
[Round "5.28"]
[White "Kaczorowski, Boguslaw"]
[Black "Jagiello, Adolf"]
[Result "1/2-1/2"]
[WhiteTitle "II"]
[BlackTitle "II"]
[WhiteElo "1571"]
[BlackElo "1233"]

1. d4 Nf6 2. c4 d6 3. Nc3 e6 4. e3 Be7 5. Nf3 h6 6. Bd3 c6 7. O-O Qc7 8. e4 Nbd7
9. Bc2 b6 10. Re1 e5 11. d5 c5 12. Be3 a6 13. Rc1 Nh7 14. h3 Qd8 15. Nh2 Nhf6
16. f4 g6 17. fxe5 dxe5 18. Bxh6 Bd6 19. Bg7 Rg8 20. Bxf6 Nxf6 21. Qf3 Bc7 1/2-1/2

[Event "Polfinal Mistrzostw Polski Niewidomych i Slabowidzacych w szachach"]
[Site "Wagrowiec"]
[Date "1899-12-30"]
[Round "6.2"]
[White "Migala, Andrzej"]
[Black "Debowska, Teresa"]
[Result "1-0"]
[WhiteTitle "k"]
[BlackTitle "WFM"]
[WhiteElo "2002"]
[BlackElo "1730"]

1. e4 e6 2. d4 d5 3. e5 c5 4. c3 Nc6 5. Nf3 Qb6 6. a3 c4 7. Nbd2 Na5 8. Be2 Bd7
9. O-O Ne7 10. Rb1 Rc8 11. Re1 Ng6 12. g3 Be7 13. h4 h6 14. Qc2 a6 15. Kg2 Bb5
16. Bd1 Qc7 17. Nf1 Nb3 18. Be3 Bd8 19. Qe2 Qd7 20. Bc2 Ne7 21. h5 Ba4 22. Nh4
Na5 23. Nh2 Bxc2 24. Qxc2 Nf5 25. Nxf5 exf5 26. Nf3 Qe6 27. Rh1 b5 28. Qe2 Nc6
29. Ng1 a5 30. Nh3 Ne7 31. Bd2 Rc6 32. Rbe1 O-O 33. Qf3 Qd7 34. Re2 Re6 35. Nf4
Bb6 36. Rh4 Bd8 37. Rh3 a4 38. Rh1 Kh7 39. Rg1 Rg8 40. Kf1 Rb6 41. Ke1 g5 42.
hxg6+ fxg6 43. Rh1 g5 44. e6 Qb7 45. Qh5 Rg6 46. Nxg6 Nxg6 47. Qxh6+ Kg8 48. Qxg6+
Qg7 49. Qe8+ 1-0

[Event "Polfinal Mistrzostw Polski Niewidomych i Slabowidzacych w szachach"]
[Site "Wagrowiec"]
[Date "1899-12-30"]
[Round "6.3"]
[White "Kulpinski, Piotr"]
[Black "Wolanski, Michal"]
[Result "1/2-1/2"]
[WhiteTitle "I++"]
[BlackTitle "I++"]
[WhiteElo "1860"]
[BlackElo "1903"]

1. Nf3 Nf6 2. g3 g6 3. Bg2 Bg7 4. O-O c5 5. c4 O-O 6. Nc3 Nc6 7. d3 d6 8. Bd2 Rb8
9. Qc1 a6 10. a4 Bd7 11. Bh6 e5 12. Bxg7 Kxg7 13. e3 Qc8 14. Nd2 Bh3 15. Nde4
Nxe4 16. Nxe4 Bxg2 17. Kxg2 Qe6 18. b3 Rbd8 19. Ng5 Qe7 20. e4 h6 21. Nf3 Nd4
22. Nxd4 cxd4 23. f4 f6 24. f5 g5 25. g4 a5 26. Ra2 b6 27. Rh1 Rh8 28. Kg3 Rh7
29. h3 Rdh8 30. Rah2 h5 31. Qd2 hxg4 32. hxg4 Kg8 33. Rxh7 1/2-1/2

[Event "Polfinal Mistrzostw Polski Niewidomych i Slabowidzacych w szachach"]
[Site "Wagrowiec"]
[Date "1899-12-30"]
[Round "6.4"]
[White "Pociejowski, Marek"]
[Black "Stolarczyk, Anna"]
[Result "1-0"]
[WhiteTitle "I++"]
[BlackTitle "WCM"]
[WhiteElo "1865"]
[BlackElo "1934"]

1. d4 d5 2. c4 e6 3. Nf3 c6 4. Nc3 dxc4 5. a4 Bb4 6. e3 b5 7. Bd2 a5 8. axb5 Bxc3
9. Bxc3 cxb5 10. b3 Bb7 11. bxc4 b4 12. Bb2 Nf6 13. Bd3 O-O 14. Qc2 Nc6 15. e4
h6 16. O-O Re8 17. Ra4 Nd7 18. c5 Ba6 19. Bc4 Qe7 20. Bxa6 Rxa6 21. Qc4 Rea8 22.
Rc1 e5 23. d5 Nd8 24. d6 Qe8 25. Qd5 Nc6 26. Nh4 Kh7 27. Nf5 Nf6 28. Qc4 g6 29.
Ne3 Nd4 30. Bxd4 exd4 31. Qxd4 Qxa4 32. Qxf6 R8a7 33. Nd5 Rc6 34. Qd4 h5 35. Nf6+
Kh6 36. Ng8+ Kh7 37. Nf6+ Kh6 38. h4 Qa3 39. Rc2 b3 40. Ne8 g5 41. Qg7# 1-0

[Event "Polfinal Mistrzostw Polski Niewidomych i Slabowidzacych w szachach"]
[Site "Wagrowiec"]
[Date "1899-12-30"]
[Round "6.5"]
[White "Rutkowski, Jerzy"]
[Black "Urbaniak, Karol"]
[Result "0-1"]
[WhiteTitle "I+"]
[BlackTitle "I"]
[WhiteElo "2031"]
[BlackElo "1592"]

1. e4 e5 2. Nf3 Nc6 3. Bb5 a6 4. Ba4 Nf6 5. d3 b5 6. Bb3 Be7 7. O-O O-O 8. c3 d5
9. exd5 Nxd5 10. Qe1 Nf6 11. Bc2 Re8 12. h3 Qd5 13. Qe2 Bf5 14. Nbd2 Nh5 15. Ne4
Qd7 16. Nh2 Nf4 17. Bxf4 exf4 18. d4 Nd8 19. Nf3 Bd6 20. Nh4 Bxe4 21. Bxe4 Qe7
22. f3 Qxh4 23. Bxh7+ Kf8 24. Qc2 g6 25. Bxg6 fxg6 26. Qxg6 Re6 27. Qf5+ Qf6 28.
Qh5 Nf7 29. Rfe1 Rae8 30. Rxe6 Rxe6 31. a4 Qg5 32. Qxg5 Nxg5 0-1

[Event "Polfinal Mistrzostw Polski Niewidomych i Slabowidzacych w szachach"]
[Site "Wagrowiec"]
[Date "1899-12-30"]
[Round "6.6"]
[White "Niecko, Stanislaw"]
[Black "Jagiela, Andrzej"]
[Result "1-0"]
[WhiteTitle "I+"]
[BlackTitle "I"]
[WhiteElo "1753"]
[BlackElo "1716"]

1. e4 e5 2. Nf3 Nc6 3. Bb5 a6 4. Ba4 b5 5. Bb3 d6 6. c3 Be7 7. h3 Nf6 8. d3 h6
9. O-O O-O 10. Re1 Re8 11. d4 exd4 12. cxd4 Rb8 13. d5 Ne5 14. Bf4 Nfd7 15. Nd4
Bb7 16. a3 Bf6 17. Nd2 Ng6 18. Be3 Nc5 19. Bc2 Qc8 20. b4 Nd7 21. Rc1 Be5 22.
Bb3 Ba8 23. Qc2 Rb7 24. Nc6 Nb6 25. Nxe5 Nxe5 26. Bxb6 Rxb6 27. Qxc7 Qxc7 28.
Rxc7 Nd3 29. Re3 Ne5 30. Rec3 Rbb8 31. f4 Ng6 32. g3 Rb7 33. Rc8 Rb8 34. Rxb8
Rxb8 35. Rc7 Nf8 36. Kf2 Bb7 37. Nf3 Bc8 38. g4 h5 39. f5 hxg4 40. hxg4 Nd7 41.
g5 Kf8 42. Ke3 Ke8 43. Kf4 f6 44. Nd4 fxg5+ 45. Kxg5 Nf6 46. Rxg7 Nxe4+ 47. Kg6
Rb7 48. Rg8+ Kd7 49. f6 Nxf6 50. Kxf6 1-0